[Event "Florianopolis op"]
[Site "Florianopolis"]
[Date "2015.01.18"]
[Round "10"]
[White "Gazel Pereira, Frederico"]
[Black "Born, Carlos Rodrigo"]
[Result "1-0"]
[WhiteElo "2292"]
[BlackElo "2199"]
[PlyCount "83"]
[EventDate "2015.01.14"]
[EventType "swiss"]
[EventRounds "10"]
[EventCountry "BRA"]
[SourceTitle "CBM 164 Extra"]
[Source "ChessBase"]
[SourceDate "2015.03.02"]
[SourceVersion "1"]
[SourceVersionDate "2015.03.02"]
[SourceQuality "1"]

1. Nc3 d5 2. e4 dxe4 3. Nxe4 Nd7 4. Bc4 e6 5. Qe2 Be7 6. Nf3 h6 7. 0-0 Ngf6 8. Ng3 0-0 9. d4 b6 10. Re1 Bb7 11. Ne5 Bd6 12. c3 Re8 13. Bf4 Qe7 14. Rad1 Nd5 15. Bc1 N7f6 16. Bb5 Rec8 17. c4 Nb4 18. a3 c6 19. Ba4 Na6 20. b4 b5 21. Bc2 bxc4 22. Ne4 Nxe4 23. Qxe4 f5 24. Qe2 Nc7 25. Nxc4 Ba6 26. Bd3 Bxc4 27. Bxc4 Re8 28. Qf3 Nd5 29. b5 Qd7 30. a4 Re7 31. g3 Rd8 32. Re2 Kh8 33. Bd2 cxb5 34. axb5 Nb6 35. Bd3 Rf8 36. Rc1 Rc8 37. Rxc8+ Qxc8 38. g4 Rf7 39. gxf5 exf5 40. Qh5 Qf8 41. Re6 Kh7 42. Qg6+ 1-0